000 00593nam a2200181Ia 4500
003 GCL
008 140319s9999 xx 000 0 ara d
020 _a5441287977
040 _aGCL /
_cGCL
082 0 4 _a720.92
_bس ح
100 1 _aسعيد على خطاب
245 1 0 _aحسن فتحى فى عيون الاخرين /
_cسعيد على خطاب
260 _aالقاهرة :
_bدار الكتب العلمية للنشر والتوزيع ،
_c2004
300 _a263 ص ؛
_c25 سم
650 0 4 _aحسن فتحى
650 0 4 _aالمعماريون المصريون
942 _2ddc
_cBK
999 _c44629
_d44629